000 00467nam a2200169Ia 4500
008 230917s9999||||xx |||||||||||||| ||und||
020 _cGBP90
040 _e255647
_aMAIN
041 _aEnglish
082 _a616.0756 W587G
100 _aRapley, Ralph, ed.
245 0 _aGenomics and clinical diagnostics
260 _aLondon
_bRoyal Society of Chemistry
_c2019
300 _axix, 574 p.
500 _a3472 08/05/2019 PBA19/56 09/05/2019 Main Budget
942 _cBK
999 _c31259
_d31259